[Event "Stay Safe Play From Home 411"]
[Site "Emanuel Lasker Arena"]
[Date "2020.08.26"]
[Round "4"]
[White "Mepe_Nika"]
[Black "Fat Kevin"]
[Result "0-1"]
[WhiteElo "2396"]
[BlackElo "2004"]
[PlyCount "130"]
[EventDate "2020.08.26"]
[EventType "swiss (blitz)"]

1. d4 {[%emt 0:00:01]} c5 {[%emt 0:00:00]} 2. c3 {[%emt 0:00:01]} Nf6 {[%emt 0:00:00]} 3. Nf3 {[%emt 0:00:01]} cxd4 {[%emt 0:00:00]} 4. cxd4 {[%emt 0:00:01]} d5 {[%emt 0:00:00]} 5. Nc3 {[%emt 0:00:00]} Nc6 {[%emt 0:00:00]} 6. Bf4 {[%emt 0:00:01]} g6 {[%emt 0:00:00]} 7. e3 {[%emt 0:00:01]} Bg7 {[%emt 0:00:01]} 8. Bd3 {[%emt 0:00:00]} O-O {[%emt 0:00:00]} 9. O-O {[%emt 0:00:00]} Bg4 {[%emt 0:00:01]} 10. h3 {[%emt 0:00:01]} Bxf3 {[%emt 0:00:01]} 11. Qxf3 {[%emt 0:00:00]} e6 {[%emt 0:00:01]} 12. Rac1 {[%emt 0:00:01]} a6 {[%emt 0:00:01]} 13. a3 {[%emt 0:00:00]} Rc8 {[%emt 0:00:01]} 14. Na4 {[%emt 0:00:00]} Na5 {[%emt 0:00:03]} 15. Nc5 {[%emt 0:00:01]} Nd7 {[%emt 0:00:05]} 16. b4 {[%emt 0:00:01]} Nxc5 {[%emt 0:00:01]} 17. bxc5 {[%emt 0:00:02]} Qd7 {[%emt 0:00:04]} 18. Bd6 {[%emt 0:00:02]} Rfe8 {[%emt 0:00:02]} 19. h4 {[%emt 0:00:02]} h5 {[%emt 0:00:02]} 20. g4 {[%emt 0:00:02]} hxg4 {[%emt 0:00:00]} 21. Qxg4 {[%emt 0:00:00]} Rcd8 {[%emt 0:00:07]} 22. h5 {[%emt 0:00:01]} e5 {[%emt 0:00:01]} 23. hxg6 {[%emt 0:00:02]} Qxg4+ {[%emt 0:00:02]} 24. Kh2 {[%emt 0:00:01]} e4 {[%emt 0:00:02]} 25. Bc2 {[%emt 0:00:02]} Qxg6 {[%emt 0:00:02]} 26. Rg1 {[%emt 0:00:01]} Qh5+ {[%emt 0:00:01]} 27. Kg2 {[%emt 0:00:01]} Nc4 {[%emt 0:00:00]} 28. Bd1 {[%emt 0:00:06]} Qg6+ {[%emt 0:00:02]} 29. Kh1 {[%emt 0:00:01]} Qh7+ {[%emt 0:00:02]} 30. Kg2 {[%emt 0:00:01]} Nxd6 {[%emt 0:00:01]} 31. cxd6 {[%emt 0:00:01]} Rxd6 {[%emt 0:00:00]} 32. Kf1 {[%emt 0:00:00]} Qh3+ {[%emt 0:00:02]} 33. Ke1 {[%emt 0:00:01]} Rc6 {[%emt 0:00:01]} 34. Rxc6 {[%emt 0:00:03]} bxc6 {[%emt 0:00:00]} 35. Be2 {[%emt 0:00:00]} Rb8 {[%emt 0:00:00]} 36. Kd2 {[%emt 0:00:01]} Rb2+ {[%emt 0:00:01]} 37. Ke1 {[%emt 0:00:01]} Rb1+ {[%emt 0:00:01]} 38. Bd1 {[%emt 0:00:01]} Qf3 {[%emt 0:00:02]} 39. Kd2 {[%emt 0:00:00]} Rb2+ {[%emt 0:00:01]} 40. Kc3 {[%emt 0:00:01]} Qxf2 {[%emt 0:00:01]} 41. Rxg7+ {[%emt 0:00:02]} Kxg7 {[%emt 0:00:01]} 42. Bc2 {[%emt 0:00:02]} Qd2+ {[%emt 0:00:00]} 43. Kxd2 {[%emt 0:00:01]} Ra2 {[%emt 0:00:01]} 44. a4 {[%emt 0:00:01]} Ra3 {[%emt 0:00:01]} 45. Ke2 {[%emt 0:00:01]} f5 {[%emt 0:00:01]} 46. Kf2 {[%emt 0:00:01]} Kf6 {[%emt 0:00:00]} 47. Kg3 {[%emt 0:00:00]} Ra2 {[%emt 0:00:00]} 48. Bd1 {[%emt 0:00:00]} Kg5 {[%emt 0:00:00]} 49. Kh3 {[%emt 0:00:02]} Ra1 {[%emt 0:00:00]} 50. Bb3 {[%emt 0:00:01]} Ra3 {[%emt 0:00:00]} 51. a5 {[%emt 0:00:00]} Rxb3 {[%emt 0:00:01]} 52. Kg3 {[%emt 0:00:00]} Rxe3+ {[%emt 0:00:00]} 53. Kf2 {[%emt 0:00:00]} Ra3 {[%emt 0:00:00]} 54. Kg2 {[%emt 0:00:00]} Rxa5 {[%emt 0:00:00]} 55. Kf2 {[%emt 0:00:00]} Ra4 {[%emt 0:00:00]} 56. Ke2 {[%emt 0:00:00]} Rxd4 {[%emt 0:00:00]} 57. Ke3 {[%emt 0:00:00]} Rd3+ {[%emt 0:00:00]} 58. Ke2 {[%emt 0:00:00]} a5 {[%emt 0:00:00]} 59. Kf2 {[%emt 0:00:00]} a4 {[%emt 0:00:00]} 60. Ke2 {[%emt 0:00:00]} a3 {[%emt 0:00:01]} 61. Kf2 {[%emt 0:00:00]} a2 {[%emt 0:00:01]} 62. Ke2 {[%emt 0:00:00]} a1=Q {[%emt 0:00:00]} 63. Kf2 {[%emt 0:00:01]} Qa2+ {[%emt 0:00:00]} 64. Ke1 {[%emt 0:00:00]} Rb3 {[%emt 0:00:00]} 65. Kd1 {[%emt 0:00:02]} Rb1# {[%emt 0:00:00] (Lag: Av=0.40s, max=0.8s) (Lag: Av=0.40s, max=0.8s) (Lag: Av=0.40s, max=0.8s)} 0-1

[Event "Stay Safe Play From Home 411"]
[Site "Emanuel Lasker Arena"]
[Date "2020.08.26"]
[Round "4"]
[White "IceQueen"]
[Black "NTBT_DHS"]
[Result "1-0"]
[WhiteElo "2345"]
[BlackElo "2574"]
[PlyCount "143"]
[EventDate "2020.08.26"]
[EventType "swiss (blitz)"]

1. e4 {[%emt 0:00:01]} g6 {[%emt 0:00:00]} 2. Nf3 {[%emt 0:00:01]} Bg7 {[%emt 0:00:00]} 3. d4 {[%emt 0:00:01]} d6 {[%emt 0:00:00]} 4. c4 {[%emt 0:00:01]} Nf6 {[%emt 0:00:01]} 5. Nc3 {[%emt 0:00:00]} O-O {[%emt 0:00:00]} 6. Be2 {[%emt 0:00:00]} Bg4 {[%emt 0:00:01]} 7. Be3 {[%emt 0:00:00]} Nfd7 {[%emt 0:00:01]} 8. O-O {[%emt 0:00:01]} Nc6 {[%emt 0:00:01]} 9. h3 {[%emt 0:00:01]} Bxf3 {[%emt 0:00:00]} 10. Bxf3 {[%emt 0:00:00]} e5 {[%emt 0:00:00]} 11. dxe5 {[%emt 0:00:02]} dxe5 {[%emt 0:00:02]} 12. Nd5 {[%emt 0:00:02]} Nd4 {[%emt 0:00:01]} 13. Bg4 {[%emt 0:00:00]} c6 {[%emt 0:00:02]} 14. Nc3 {[%emt 0:00:02]} Nc5 {[%emt 0:00:01]} 15. b4 {[%emt 0:00:02]} Nce6 {[%emt 0:00:01]} 16. Bxe6 {[%emt 0:00:02]} Nxe6 {[%emt 0:00:00]} 17. Qa4 {[%emt 0:00:04]} Nd4 {[%emt 0:00:04]} 18. Rad1 {[%emt 0:00:01]} Qe7 {[%emt 0:00:01]} 19. b5 {[%emt 0:00:01]} Rfd8 {[%emt 0:00:07]} 20. bxc6 {[%emt 0:00:01]} bxc6 {[%emt 0:00:00]} 21. Rb1 {[%emt 0:00:04]} a5 {[%emt 0:00:01]} 22. Rb6 {[%emt 0:00:02]} Qc5 {[%emt 0:00:01]} 23. Rfb1 {[%emt 0:00:01]} f5 {[%emt 0:00:02]} 24. exf5 {[%emt 0:00:01]} gxf5 {[%emt 0:00:00]} 25. Rb7 {[%emt 0:00:00]} Ra7 {[%emt 0:00:04]} 26. Rb8 {[%emt 0:00:02]} Rad7 {[%emt 0:00:01]} 27. Rxd8+ {[%emt 0:00:01]} Rxd8 {[%emt 0:00:00]} 28. Rb7 {[%emt 0:00:01]} f4 {[%emt 0:00:02]} 29. Ne4 {[%emt 0:00:02]} Qf8 {[%emt 0:00:06]} 30. Bxd4 {[%emt 0:00:01]} Rxd4 {[%emt 0:00:03]} 31. Qxc6 {[%emt 0:00:00]} Rd8 {[%emt 0:00:02]} 32. Qe6+ {[%emt 0:00:01]} Kh8 {[%emt 0:00:00]} 33. Ng5 {[%emt 0:00:00]} h6 {[%emt 0:00:02]} 34. Nf7+ {[%emt 0:00:03]} Kh7 {[%emt 0:00:00]} 35. Nxd8 {[%emt 0:00:05]} Qxd8 {[%emt 0:00:00]} 36. Qxe5 {[%emt 0:00:01]} Qf8 {[%emt 0:00:01]} 37. Qxg7+ {[%emt 0:00:01]} Qxg7 {[%emt 0:00:00]} 38. Rxg7+ {[%emt 0:00:01]} Kxg7 {[%emt 0:00:00]} 39. g3 {[%emt 0:00:00]} Kf7 {[%emt 0:00:00]} 40. gxf4 {[%emt 0:00:01]} Ke6 {[%emt 0:00:00]} 41. c5 {[%emt 0:00:01]} a4 {[%emt 0:00:00]} 42. Kg2 {[%emt 0:00:01]} Kd5 {[%emt 0:00:00]} 43. Kf3 {[%emt 0:00:00]} Kxc5 {[%emt 0:00:00]} 44. Kg4 {[%emt 0:00:00]} Kb4 {[%emt 0:00:00]} 45. Kh5 {[%emt 0:00:00]} Ka3 {[%emt 0:00:00]} 46. f5 {[%emt 0:00:00]} Kxa2 {[%emt 0:00:00]} 47. f6 {[%emt 0:00:00]} Kb1 {[%emt 0:00:00]} 48. f7 {[%emt 0:00:00]} a3 {[%emt 0:00:00]} 49. f8=Q {[%emt 0:00:00]} a2 {[%emt 0:00:00]} 50. Qf6 {[%emt 0:00:00]} a1=Q {[%emt 0:00:01]} 51. Qxa1+ {[%emt 0:00:01]} Kxa1 {[%emt 0:00:00]} 52. Kxh6 {[%emt 0:00:00]} Kb2 {[%emt 0:00:00]} 53. f4 {[%emt 0:00:00]} Kc3 {[%emt 0:00:00]} 54. f5 {[%emt 0:00:00]} Kd4 {[%emt 0:00:00]} 55. f6 {[%emt 0:00:00]} Ke5 {[%emt 0:00:00]} 56. f7 {[%emt 0:00:00]} Kf5 {[%emt 0:00:00]} 57. f8=Q+ {[%emt 0:00:00]} Ke4 {[%emt 0:00:01]} 58. Qg7 {[%emt 0:00:00]} Kf3 {[%emt 0:00:00]} 59. Qg4+ {[%emt 0:00:00]} Kf2 {[%emt 0:00:00]} 60. h4 {[%emt 0:00:00]} Ke1 {[%emt 0:00:01]} 61. h5 {[%emt 0:00:00]} Kf2 {[%emt 0:00:00]} 62. Kg6 {[%emt 0:00:00]} Ke3 {[%emt 0:00:00]} 63. h6 {[%emt 0:00:00]} Kd2 {[%emt 0:00:00]} 64. h7 {[%emt 0:00:00]} Ke3 {[%emt 0:00:00]} 65. h8=Q {[%emt 0:00:00]} Kf2 {[%emt 0:00:00]} 66. Qf6+ {[%emt 0:00:00]} Ke1 {[%emt 0:00:00]} 67. Qge6+ {[%emt 0:00:00]} Kd2 {[%emt 0:00:00]} 68. Qfe7 {[%emt 0:00:00]} Kc3 {[%emt 0:00:00]} 69. Q6d6 {[%emt 0:00:00]} Kc4 {[%emt 0:00:01]} 70. Qec7+ {[%emt 0:00:00]} Kb5 {[%emt 0:00:00]} 71. Qdb6+ {[%emt 0:00:01]} Ka4 {[%emt 0:00:00]} 72. Qca7# {[%emt 0:00:01] (Lag: Av=0.54s, max=1.1s) (Lag: Av=0.54s, max=1.1s) (Lag: Av=0.54s, max=1.1s)} 1-0

[Event "Stay Safe Play From Home 411"]
[Site "Emanuel Lasker Arena"]
[Date "2020.08.26"]
[Round "4"]
[White "Lamborghini"]
[Black "Hickey"]
[Result "0-1"]
[WhiteElo "2250"]
[BlackElo "2293"]
[PlyCount "130"]
[EventDate "2020.08.26"]
[EventType "swiss (blitz)"]

1. e4 {[%emt 0:00:02]} c6 {[%emt 0:00:01]} 2. d4 {[%emt 0:00:01]} d5 {[%emt 0:00:00]} 3. Nc3 {[%emt 0:00:00]} dxe4 {[%emt 0:00:01]} 4. Nxe4 {[%emt 0:00:00]} Bf5 {[%emt 0:00:00]} 5. Ng3 {[%emt 0:00:01]} Bg6 {[%emt 0:00:00]} 6. h4 {[%emt 0:00:00]} h6 {[%emt 0:00:02]} 7. Nf3 {[%emt 0:00:00]} Nd7 {[%emt 0:00:00]} 8. h5 {[%emt 0:00:01]} Bh7 {[%emt 0:00:01]} 9. Bd3 {[%emt 0:00:00]} Bxd3 {[%emt 0:00:01]} 10. Qxd3 {[%emt 0:00:00]} e6 {[%emt 0:00:00]} 11. Bf4 {[%emt 0:00:01]} Qa5+ {[%emt 0:00:01]} 12. Bd2 {[%emt 0:00:01]} Bb4 {[%emt 0:00:00]} 13. c3 {[%emt 0:00:00]} Bd6 {[%emt 0:00:00]} 14. c4 {[%emt 0:00:00]} Qc7 {[%emt 0:00:01]} 15. Ne4 {[%emt 0:00:03]} Be7 {[%emt 0:00:01]} 16. O-O-O {[%emt 0:00:01]} Ngf6 {[%emt 0:00:00]} 17. Kb1 {[%emt 0:00:00]} O-O-O {[%emt 0:00:01]} 18. Nxf6 {[%emt 0:00:01]} Nxf6 {[%emt 0:00:01]} 19. g3 {[%emt 0:00:02]} c5 {[%emt 0:00:02]} 20. Qe2 {[%emt 0:00:05]} cxd4 {[%emt 0:00:01]} 21. Bf4 {[%emt 0:00:03]} Bd6 {[%emt 0:00:01]} 22. Bxd6 {[%emt 0:00:01]} Rxd6 {[%emt 0:00:01]} 23. Rxd4 {[%emt 0:00:01]} Rhd8 {[%emt 0:00:02]} 24. Rhd1 {[%emt 0:00:01]} Rxd4 {[%emt 0:00:01]} 25. Rxd4 {[%emt 0:00:01]} Rxd4 {[%emt 0:00:01]} 26. Nxd4 {[%emt 0:00:01]} Qc5 {[%emt 0:00:03]} 27. Nb5 {[%emt 0:00:06]} a6 {[%emt 0:00:01]} 28. Nc3 {[%emt 0:00:03]} Qf5+ {[%emt 0:00:02]} 29. Qc2 {[%emt 0:00:07]} Qxc2+ {[%emt 0:00:02]} 30. Kxc2 {[%emt 0:00:01]} Nxh5 {[%emt 0:00:00]} 31. Kd3 {[%emt 0:00:01]} Kd7 {[%emt 0:00:01]} 32. b4 {[%emt 0:00:01]} Nf6 {[%emt 0:00:01]} 33. a4 {[%emt 0:00:01]} Kc6 {[%emt 0:00:01]} 34. a5 {[%emt 0:00:01]} Nd7 {[%emt 0:00:02]} 35. Kd4 {[%emt 0:00:00]} e5+ {[%emt 0:00:02]} 36. Ke4 {[%emt 0:00:01]} g6 {[%emt 0:00:00]} 37. g4 {[%emt 0:00:00]} h5 {[%emt 0:00:01]} 38. gxh5 {[%emt 0:00:01]} f5+ {[%emt 0:00:00]} 39. Kd3 {[%emt 0:00:01]} gxh5 {[%emt 0:00:00]} 40. f4 {[%emt 0:00:01]} exf4 {[%emt 0:00:01]} 41. Kd4 {[%emt 0:00:01]} h4 {[%emt 0:00:03]} 42. b5+ {[%emt 0:00:00]} axb5 {[%emt 0:00:01]} 43. cxb5+ {[%emt 0:00:01]} Kc7 {[%emt 0:00:01]} 44. Nd5+ {[%emt 0:00:00]} Kd6 {[%emt 0:00:01]} 45. Nxf4 {[%emt 0:00:00]} Ne5 {[%emt 0:00:03]} 46. a6 {[%emt 0:00:00]} bxa6 {[%emt 0:00:00]} 47. bxa6 {[%emt 0:00:01]} Nc6+ {[%emt 0:00:02]} 48. Ke3 {[%emt 0:00:01]} Ke5 {[%emt 0:00:01]} 49. Kf3 {[%emt 0:00:01]} Nd4+ {[%emt 0:00:02]} 50. Kg2 {[%emt 0:00:01]} Nb5 {[%emt 0:00:03]} 51. Ng6+ {[%emt 0:00:00]} Kf6 {[%emt 0:00:01]} 52. Nxh4 {[%emt 0:00:00]} Kg5 {[%emt 0:00:00]} 53. Nxf5 {[%emt 0:00:01]} Kxf5 {[%emt 0:00:00]} 54. Kf3 {[%emt 0:00:00]} Na7 {[%emt 0:00:02]} 55. Ke3 {[%emt 0:00:00]} Ke5 {[%emt 0:00:01]} 56. Kd3 {[%emt 0:00:01]} Kd5 {[%emt 0:00:00]} 57. Kc3 {[%emt 0:00:00]} Kc5 {[%emt 0:00:00]} 58. Kb3 {[%emt 0:00:00]} Kb5 {[%emt 0:00:00]} 59. Kc3 {[%emt 0:00:00]} Ka5 {[%emt 0:00:00]} 60. Kc4 {[%emt 0:00:00]} Kb6 {[%emt 0:00:00]} 61. Kb3 {[%emt 0:00:00]} Kc6 {[%emt 0:00:00]} 62. Ka4 {[%emt 0:00:00]} Kb6 {[%emt 0:00:00]} 63. Kb4 {[%emt 0:00:01]} Kc6 {[%emt 0:00:01]} 64. Ka4 {[%emt 0:00:00]} Kb6 {[%emt 0:00:00]} 65. Kb4 {[%emt 0:00:00]} Nc6+ {[%emt 0:00:01]} 0-1

[Event "Stay Safe Play From Home 411"]
[Site "Emanuel Lasker Arena"]
[Date "2020.08.26"]
[Round "4"]
[White "Stefanone"]
[Black "Mamba2001de"]
[Result "1-0"]
[WhiteElo "2086"]
[BlackElo "1459"]
[Annotator "NA"]
[PlyCount "79"]
[EventDate "2020.08.26"]
[EventType "swiss (blitz)"]

1. d4 {[%emt 0:00:01]} e6 {[%emt 0:00:01]} 2. e3 {[%emt 0:00:00]} d5 {[%emt 0:00:01]} 3. f4 {[%emt 0:00:00]} Nf6 {[%emt 0:00:01]} 4. Nf3 {[%emt 0:00:00]} Ne4 {[%emt 0:00:00]} 5. Bd3 {[%emt 0:00:00]} Nc6 {[%emt 0:00:01]} 6. Bxe4 {[%emt 0:00:00]} dxe4 {[%emt 0:00:01]} 7. Ne5 {[%emt 0:00:00]} f5 {[%emt 0:00:01]} 8. Qh5+ {[%emt 0:00:01]} g6 {[%emt 0:00:06]} 9. Qe2 {[%emt 0:00:02]} Nxe5 {[%emt 0:00:02]} 10. fxe5 {[%emt 0:00:01]} Bd7 {[%emt 0:00:01]} 11. O-O {[%emt 0:00:00]} Bg7 {[%emt 0:00:01]} 12. c4 {[%emt 0:00:01]} O-O {[%emt 0:00:01]} 13. b3 {[%emt 0:00:00]} Qg5 {[%emt 0:00:01]} 14. Nc3 {[%emt 0:00:01]} h5 {[%emt 0:00:01]} 15. Bb2 {[%emt 0:00:01]} h4 {[%emt 0:00:02]} 16. Rf4 {[%emt 0:00:02]} h3 {[%emt 0:00:02]} 17. g3 {[%emt 0:00:01]} Bh6 {[%emt 0:00:03]} 18. Rd1 {[%emt 0:00:01]} Qe7 {[%emt 0:00:01]} 19. d5 {[%emt 0:00:01]} Bxf4 {[%emt 0:00:02]} 20. exf4 {[%emt 0:00:01]} exd5 {[%emt 0:00:01]} 21. Nxd5 {[%emt 0:00:01]} Qc5+ {[%emt 0:00:02]} 22. Bd4 {[%emt 0:00:02]} Qa5 {[%emt 0:00:01]} 23. Nf6+ {[%emt 0:00:02]} Kg7 {[%emt 0:00:02]} 24. Nxd7 {[%emt 0:00:01]} Rfd8 {[%emt 0:00:01]} 25. e6+ {[%emt 0:00:01]} Kh6 {[%emt 0:00:01]} 26. g4 {[%emt 0:00:01]} Rxd7 {[%emt 0:00:05]} 27. exd7 {[%emt 0:00:02]} Rd8 {[%emt 0:00:01]} 28. Qf2 {[%emt 0:00:01]} fxg4 {[%emt 0:00:04]} 29. Qh4+ {[%emt 0:00:01]} Qh5 {[%emt 0:00:05]} 30. Qxh5+ {[%emt 0:00:01]} Kxh5 {[%emt 0:00:01]} 31. Bf6 {[%emt 0:00:01]} Rxd7 {[%emt 0:00:01]} 32. Rxd7 {[%emt 0:00:00]} g3 {[%emt 0:00:01]} 33. hxg3 {[%emt 0:00:02]} Kg4 {[%emt 0:00:01]} 34. Be5 {[%emt 0:00:01]} Kxg3 {[%emt 0:00:01]} 35. f5+ {[%emt 0:00:01]} Kf3 {[%emt 0:00:01]} 36. f6 {[%emt 0:00:01]} e3 {[%emt 0:00:01]} 37. Rd1 {[%emt 0:00:02]} e2 {[%emt 0:00:01]} 38. Rb1 {[%emt 0:00:01]} h2+ {[%emt 0:00:00]} 39. Kxh2 {[%emt 0:00:01]} Kf2 {[%emt 0:00:01]} 40. Bd4+ {[%emt 0:00:01] Zeit Zeit Zeit (Lag: Av=0.32s, max=0.7s) (Lag: Av=0.32s, max=0.7s) (Lag: Av=0.32s, max=0.7s)} 1-0

[Event "Stay Safe Play From Home 411"]
[Site "Emanuel Lasker Arena"]
[Date "2020.08.26"]
[Round "4"]
[White "TheCHESSHOUSE"]
[Black "KING o KONG"]
[Result "1-0"]
[WhiteElo "2066"]
[BlackElo "961"]
[PlyCount "43"]
[EventDate "2020.08.26"]
[EventType "swiss (blitz)"]

1. d4 {[%emt 0:00:02]} e6 {[%emt 0:00:01]} 2. c4 {[%emt 0:00:00]} d6 {[%emt 0:00:01]} 3. Nc3 {[%emt 0:00:01]} Be7 {[%emt 0:00:02]} 4. e4 {[%emt 0:00:01]} b6 {[%emt 0:00:01]} 5. Nf3 {[%emt 0:00:00]} f6 {[%emt 0:00:01]} 6. Be2 {[%emt 0:00:00]} Bb7 {[%emt 0:00:01]} 7. O-O {[%emt 0:00:00]} g6 {[%emt 0:00:01]} 8. Be3 {[%emt 0:00:00]} g5 {[%emt 0:00:02]} 9. h3 {[%emt 0:00:01]} Qd7 {[%emt 0:00:01]} 10. e5 {[%emt 0:00:01]} f5 {[%emt 0:00:03]} 11. exd6 {[%emt 0:00:01]} Bxd6 {[%emt 0:00:01]} 12. Bxg5 {[%emt 0:00:01]} Qc6 {[%emt 0:00:08]} 13. d5 {[%emt 0:00:01]} exd5 {[%emt 0:00:03]} 14. Nxd5 {[%emt 0:00:00]} Qd7 {[%emt 0:00:03]} 15. Re1 {[%emt 0:00:02]} Bxd5 {[%emt 0:00:01]} 16. Qxd5 {[%emt 0:00:00]} Nc6 {[%emt 0:00:01]} 17. Bd3+ {[%emt 0:00:01]} Nge7 {[%emt 0:00:02]} 18. Bxf5 {[%emt 0:00:03]} Kd8 {[%emt 0:00:20]} 19. Bxd7 {[%emt 0:00:02]} Kxd7 {[%emt 0:00:01]} 20. Bxe7 {[%emt 0:00:01]} Rhe8 {[%emt 0:00:03]} 21. Bxd6 {[%emt 0:00:01]} Re5 {[%emt 0:00:03]} 22. Nxe5+ {[%emt 0:00:01] TimeB TimeB TimeB} 1-0

[Event "Stay Safe Play From Home 411"]
[Site "Emanuel Lasker Arena"]
[Date "2020.08.26"]
[Round "5"]
[White "Tran Minh Thang"]
[Black "IceQueen"]
[Result "1-0"]
[WhiteElo "2420"]
[BlackElo "2372"]
[PlyCount "79"]
[EventDate "2020.08.26"]
[EventType "swiss (blitz)"]

1. d4 {[%emt 0:00:01]} d6 {[%emt 0:00:00]} 2. Bf4 {[%emt 0:00:00]} Nf6 {[%emt 0:00:00]} 3. e3 {[%emt 0:00:00]} g6 {[%emt 0:00:00]} 4. Nd2 {[%emt 0:00:00]} Bg7 {[%emt 0:00:00]} 5. Ngf3 {[%emt 0:00:00]} O-O {[%emt 0:00:00]} 6. h3 {[%emt 0:00:00]} Nc6 {[%emt 0:00:00]} 7. Be2 {[%emt 0:00:00]} Qe8 {[%emt 0:00:00]} 8. Nc4 {[%emt 0:00:01]} e5 {[%emt 0:00:00]} 9. dxe5 {[%emt 0:00:01]} Nh5 {[%emt 0:00:02]} 10. exd6 {[%emt 0:00:00]} Nxf4 {[%emt 0:00:01]} 11. exf4 {[%emt 0:00:00]} cxd6 {[%emt 0:00:01]} 12. Nxd6 {[%emt 0:00:00]} Qe7 {[%emt 0:00:01]} 13. Nxc8 {[%emt 0:00:01]} Raxc8 {[%emt 0:00:00]} 14. O-O {[%emt 0:00:00]} Bxb2 {[%emt 0:00:01]} 15. Rb1 {[%emt 0:00:00]} Bf6 {[%emt 0:00:00]} 16. Bd3 {[%emt 0:00:03]} Rfd8 {[%emt 0:00:01]} 17. Qe2 {[%emt 0:00:03]} Qc7 {[%emt 0:00:01]} 18. Be4 {[%emt 0:00:02]} b6 {[%emt 0:00:01]} 19. g3 {[%emt 0:00:01]} Re8 {[%emt 0:00:04]} 20. Rfe1 {[%emt 0:00:02]} Bg7 {[%emt 0:00:01]} 21. Qc4 {[%emt 0:00:03]} Na5 {[%emt 0:00:03]} 22. Qxc7 {[%emt 0:00:01]} Rxc7 {[%emt 0:00:00]} 23. Bd5 {[%emt 0:00:02]} Rd8 {[%emt 0:00:03]} 24. Be4 {[%emt 0:00:05]} Bf6 {[%emt 0:00:02]} 25. f5 {[%emt 0:00:00]} Kg7 {[%emt 0:00:01]} 26. fxg6 {[%emt 0:00:01]} hxg6 {[%emt 0:00:00]} 27. Bd3 {[%emt 0:00:00]} Nc4 {[%emt 0:00:01]} 28. a4 {[%emt 0:00:01]} Na3 {[%emt 0:00:03]} 29. Rbc1 {[%emt 0:00:00]} Bb2 {[%emt 0:00:02]} 30. Rcd1 {[%emt 0:00:00]} Rdc8 {[%emt 0:00:01]} 31. Re2 {[%emt 0:00:08]} Bf6 {[%emt 0:00:04]} 32. Rdd2 {[%emt 0:00:01]} Bc3 {[%emt 0:00:01]} 33. Rd1 {[%emt 0:00:00]} Bf6 {[%emt 0:00:01]} 34. Rc1 {[%emt 0:00:00]} Bb2 {[%emt 0:00:01]} 35. Rce1 {[%emt 0:00:01]} Nxc2 {[%emt 0:00:02]} 36. Bxc2 {[%emt 0:00:03]} Rxc2 {[%emt 0:00:00]} 37. Re7 {[%emt 0:00:00]} R2c7 {[%emt 0:00:02]} 38. Ng5 {[%emt 0:00:00]} Bf6 {[%emt 0:00:02]} 39. Ne6+ {[%emt 0:00:00]} Kh6 {[%emt 0:00:03]} 40. Rxc7 {[%emt 0:00:00] IceQueen resigns IceQueen resigns IceQueen resigns (Lag: Av=0.66s, max=1.3s) (Lag: Av=0.66s, max=1.3s) (Lag: Av=0.66s, max=1.3s)} 1-0

[Event "Stay Safe Play From Home 411"]
[Site "Emanuel Lasker Arena"]
[Date "2020.08.26"]
[Round "5"]
[White "Mepe_Nika"]
[Black "Lamborghini"]
[Result "0-1"]
[WhiteElo "2365"]
[BlackElo "2235"]
[PlyCount "92"]
[EventDate "2020.08.26"]
[EventType "swiss (blitz)"]

1. d4 {[%emt 0:00:01]} Nf6 {[%emt 0:00:02]} 2. Nf3 {[%emt 0:00:00]} g6 {[%emt 0:00:00]} 3. c4 {[%emt 0:00:01]} Bg7 {[%emt 0:00:00]} 4. Nc3 {[%emt 0:00:00]} O-O {[%emt 0:00:00]} 5. e3 {[%emt 0:00:00]} d6 {[%emt 0:00:01]} 6. Be2 {[%emt 0:00:00]} Nbd7 {[%emt 0:00:01]} 7. O-O {[%emt 0:00:01]} e5 {[%emt 0:00:00]} 8. b4 {[%emt 0:00:01]} c6 {[%emt 0:00:01]} 9. a4 {[%emt 0:00:01]} Qe7 {[%emt 0:00:01]} 10. b5 {[%emt 0:00:01]} exd4 {[%emt 0:00:01]} 11. exd4 {[%emt 0:00:02]} Re8 {[%emt 0:00:03]} 12. Re1 {[%emt 0:00:00]} Qf8 {[%emt 0:00:01]} 13. Ba3 {[%emt 0:00:02]} h6 {[%emt 0:00:07]} 14. a5 {[%emt 0:00:00]} a6 {[%emt 0:00:02]} 15. bxc6 {[%emt 0:00:01]} bxc6 {[%emt 0:00:01]} 16. Rb1 {[%emt 0:00:00]} Kh7 {[%emt 0:00:02]} 17. d5 {[%emt 0:00:02]} c5 {[%emt 0:00:01]} 18. Na4 {[%emt 0:00:02]} Ne4 {[%emt 0:00:02]} 19. Bb2 {[%emt 0:00:02]} Bxb2 {[%emt 0:00:02]} 20. Rxb2 {[%emt 0:00:00]} Qg7 {[%emt 0:00:01]} 21. Qb1 {[%emt 0:00:02]} Nc3 {[%emt 0:00:03]} 22. Nxc3 {[%emt 0:00:01]} Qxc3 {[%emt 0:00:00]} 23. Bf1 {[%emt 0:00:03]} Rxe1 {[%emt 0:00:04]} 24. Nxe1 {[%emt 0:00:00]} Qxa5 {[%emt 0:00:01]} 25. Re2 {[%emt 0:00:02]} Qd8 {[%emt 0:00:01]} 26. Nd3 {[%emt 0:00:04]} Qf6 {[%emt 0:00:01]} 27. Re3 {[%emt 0:00:01]} a5 {[%emt 0:00:01]} 28. Rf3 {[%emt 0:00:00]} Qg7 {[%emt 0:00:01]} 29. h4 {[%emt 0:00:01]} a4 {[%emt 0:00:01]} 30. h5 {[%emt 0:00:00]} a3 {[%emt 0:00:01]} 31. hxg6+ {[%emt 0:00:01]} fxg6 {[%emt 0:00:00]} 32. Nf4 {[%emt 0:00:02]} Ne5 {[%emt 0:00:02]} 33. Rg3 {[%emt 0:00:02]} a2 {[%emt 0:00:01]} 34. Qa1 {[%emt 0:00:01]} Nf3+ {[%emt 0:00:02]} 35. gxf3 {[%emt 0:00:02]} Qxa1 {[%emt 0:00:00]} 36. Kg2 {[%emt 0:00:00]} Qxf1+ {[%emt 0:00:01]} 37. Kxf1 {[%emt 0:00:01]} a1=Q+ {[%emt 0:00:00]} 38. Kg2 {[%emt 0:00:00]} Qf6 {[%emt 0:00:01]} 39. Ne2 {[%emt 0:00:02]} Ra2 {[%emt 0:00:01]} 40. Ng1 {[%emt 0:00:02]} Qd4 {[%emt 0:00:01]} 41. Nh3 {[%emt 0:00:05]} Bxh3+ {[%emt 0:00:01]} 42. Kxh3 {[%emt 0:00:00]} Qxf2 {[%emt 0:00:00]} 43. Kg4 {[%emt 0:00:00]} Qe2 {[%emt 0:00:01]} 44. Kf4 {[%emt 0:00:01]} Qe7 {[%emt 0:00:00]} 45. Kg4 {[%emt 0:00:01]} Qe5 {[%emt 0:00:00]} 46. Kh3 {[%emt 0:00:00]} Qh5# {[%emt 0:00:01] (Lag: Av=0.45s, max=1.0s) (Lag: Av=0.45s, max=1.0s) (Lag: Av=0.45s, max=1.0s)} 0-1

[Event "Stay Safe Play From Home 411"]
[Site "Emanuel Lasker Arena"]
[Date "2020.08.26"]
[Round "5"]
[White "Hickey"]
[Black "NTBT_DHS"]
[Result "0-1"]
[WhiteElo "2308"]
[BlackElo "2547"]
[PlyCount "48"]
[EventDate "2020.08.26"]
[EventType "swiss (blitz)"]

1. Nf3 {[%emt 0:00:02]} g6 {[%emt 0:00:00]} 2. g4 {[%emt 0:00:00]} Bg7 {[%emt 0:00:00]} 3. h4 {[%emt 0:00:01]} d5 {[%emt 0:00:02]} 4. Bh3 {[%emt 0:00:01]} Nf6 {[%emt 0:00:01]} 5. g5 {[%emt 0:00:01]} Nh5 {[%emt 0:00:00]} 6. d3 {[%emt 0:00:03]} Bxh3 {[%emt 0:00:02]} 7. Rxh3 {[%emt 0:00:00]} c5 {[%emt 0:00:01]} 8. c3 {[%emt 0:00:01]} Nc6 {[%emt 0:00:00]} 9. Nbd2 {[%emt 0:00:02]} e5 {[%emt 0:00:00]} 10. e4 {[%emt 0:00:02]} Nf4 {[%emt 0:00:00]} 11. Rh1 {[%emt 0:00:03]} Nxd3+ {[%emt 0:00:00]} 12. Kf1 {[%emt 0:00:00]} O-O {[%emt 0:00:01]} 13. Qe2 {[%emt 0:00:02]} Nf4 {[%emt 0:00:01]} 14. Qd1 {[%emt 0:00:01]} d4 {[%emt 0:00:00]} 15. c4 {[%emt 0:00:01]} d3 {[%emt 0:00:01]} 16. Ne1 {[%emt 0:00:02]} Nd4 {[%emt 0:00:01]} 17. Ndf3 {[%emt 0:00:00]} Nde2 {[%emt 0:00:01]} 18. Bxf4 {[%emt 0:00:02]} Nxf4 {[%emt 0:00:00]} 19. Ng1 {[%emt 0:00:01]} Qd4 {[%emt 0:00:01]} 20. Nh3 {[%emt 0:00:03]} Qxe4 {[%emt 0:00:04]} 21. f3 {[%emt 0:00:01]} Qxc4 {[%emt 0:00:01]} 22. Nxf4 {[%emt 0:00:01]} d2+ {[%emt 0:00:03]} 23. Qe2 {[%emt 0:00:08]} dxe1=Q+ {[%emt 0:00:01]} 24. Rxe1 {[%emt 0:00:01]} Qxf4 {[%emt 0:00:00] Hickey resigns Hickey resigns Hickey resigns (Lag: Av=0.71s, max=1.1s) (Lag: Av=0.71s, max=1.1s) (Lag: Av=0.71s, max=1.1s)} 0-1